00313nam a2200121Ia 4500008004100000041000800041082001600049100001900065245004500084260003700129300001300166365001200179240624s9999 xx 000 0 und d aeng a658.403 LAN aLANT THERESA K aORGANIZATIONAL COGNITION COMPUTATION AND c2000aNew YorkbPsychology Press a408 : p. cBPSb30